[Event "BRA-ch U14"]
[Site "Brasilia"]
[Date "2017.04.23"]
[Round "6"]
[White "Melo, Daniel Oliveira"]
[Black "Balena, Vinicius"]
[Result "1-0"]
[WhiteElo "1733"]
[BlackElo "1770"]
[PlyCount "53"]
[EventDate "2017.04.21"]
[EventType "swiss"]
[EventRounds "6"]
[EventCountry "BRA"]
[SourceTitle "CBM 177 Extra"]
[Source "ChessBase"]
[SourceDate "2017.04.27"]
[SourceVersion "1"]
[SourceVersionDate "2017.04.27"]
[SourceQuality "1"]

1. e4 e5 2. Nf3 Nc6 3. Bc4 Bc5 4. d3 h6 5. Be3 Bb6 6. c3 d6 7. Bb3 Nf6 8. 0-0 Bg4 9. Nbd2 0-0 10. h3 Be6 11. Bc2 Nh7 12. d4 d5 13. Re1 f5 14. exf5 Bxf5 15. dxe5 Qe8 16. Bb3 Ne7 17. Nd4 Qg6 18. Nxf5 Qxf5 19. Bc2 Qf7 20. Nf3 c6 21. e6 Qf6 22. Qd3 g6 23. Bxh6 Rfe8 24. Re2 Kh8 25. Rae1 Nf5 26. Bf4 Re7 27. Be5 1-0

[Event "BRA-ch U14"]
[Site "Brasilia"]
[Date "2017.04.21"]
[Round "2"]
[White "Haruna, Luiz Hirokazu Andra"]
[Black "Balena, Vinicius"]
[Result "1-0"]
[WhiteElo "1352"]
[BlackElo "1770"]
[PlyCount "65"]
[EventDate "2017.04.21"]
[EventType "swiss"]
[EventRounds "6"]
[EventCountry "BRA"]
[SourceTitle "CBM 177 Extra"]
[Source "ChessBase"]
[SourceDate "2017.04.27"]
[SourceVersion "1"]
[SourceVersionDate "2017.04.27"]
[SourceQuality "1"]

1. Nf3 Nc6 2. d4 d5 3. b3 Bg4 4. Bb2 e6 5. Nbd2 Nf6 6. h3 Bxf3 7. Nxf3 Qd7 8. e3 Be7 9. Bb5 a6 10. Ne5 Qd6 11. Bxc6+ bxc6 12. 0-0 0-0 13. Rc1 c5 14. f4 Ne4 15. Kh2 f5 16. Qe1 a5 17. Ba3 Qb6 18. Nd7 Qa7 19. Nxf8 Rxf8 20. Rg1 a4 21. Ra1 axb3 22. axb3 c6 23. Bxc5 Qb7 24. Ra7 Qb5 25. Rxe7 Nxc5 26. dxc5 Qxc5 27. Rxe6 Qxc2 28. Qc1 Qxb3 29. Qxc6 Qb8 30. Qxd5 Kh8 31. Re7 Qb4 32. Rd7 Qb8 33. Rd1 1-0